Normal view
MARC view
- Environmental Technology Centre (Canada).
Entry Corporate Name
001 - CONTROL NUMBER
- control field: 6774
003 - CONTROL NUMBER IDENTIFIER
- control field: NUST
005 - DATE AND TIME OF LATEST TRANSACTION
- control field: 20171124122111.0
008 - FIXED-LENGTH DATA ELEMENTS
- fixed length control field: 171124|| aca||aabn | a|a d
040 ## - CATALOGING SOURCE
- Original cataloging agency: NUST
- Transcribing agency: NUST
110 ## - HEADING--CORPORATE NAME
- Corporate name or jurisdiction name as entry element: Environmental Technology Centre (Canada).
- Subordinate unit: Emergencies Science Division.
670 ## - SOURCE DATA FOUND
- Source citation: Work cat.: (NUST)0: Survey of chemical spills countermeasures /, c1998.
